000
00303nam a22001337a 4500
008
170830b xxu||||| |||| 00| 0 eng d
020
_a
2901412936957
041
_a
eng
080
_2
3rd
_a
070
100
_a
39
101
_a
MED
245
_a
WOMEN IN MASS COMMUNICATION
_c
CREEDON,P.J
942
_2
udc
_c
BK
999
_c
25454
_d
25454